000 00553nam a22001817a 4500
005 20240202114750.0
010 _aENG-139047
020 _c300.00
035 _aEN-122579
037 _bDBAD/PUB
082 _a000
245 _aJawahar Navodaya Vidyalaya /
_bENTRANCE EXAMINATION
260 _aVijyawada
_bV.G.S
270 _bVijayawada
_a5-6-59/3, second Floor, Tammina Krishna Street , Behind Sairam Theatre
_e520001
300 _a270 p.
_c28 cm(pbk)
710 _aRoma Chatterjee
_eEditor
_959600
942 _2ddc
_cEN
_h000
_mJAW
999 _c200414
_d200414